Normal view
MARC view
- Muhammad Faheem Khan
Entry Personal Name
001 - CONTROL NUMBER
- control field: 99745
003 - CONTROL NUMBER IDENTIFIER
- control field: NUST
005 - DATE AND TIME OF LATEST TRANSACTION
- control field: 20221010162707.0
008 - FIXED-LENGTH DATA ELEMENTS
- fixed length control field: 221010|| aca||aabn | a|a d
040 ## - CATALOGING SOURCE
- Original cataloging agency: NUST
- Transcribing agency: NUST
100 ## - HEADING--PERSONAL NAME
- Personal name: Muhammad Faheem Khan
670 ## - SOURCE DATA FOUND
- Source citation: Work cat.: (NUST): Muhammad Faheem Khan, TH-SOF-2081-Investigation of Spanwise tip Blowing in Rotating Wings, 2022.
